Identidad y cultura (Record no. 19015)

MARC details
000 -LEADER
campo de control de longitud fija 01149nam a2200301 i 4500
001 - NÚMERO DE CONTROL
campo de control 19015
003 - IDENTIFICADOR DE NÚMERO DE CONTROL
campo de control ES-MaACL
005 - FECHA Y HORA DE LA ÚLTIMA TRANSACCIÓN
campo de control 20230906151957.0
007 - CAMPO FIJO DE DESCRIPCIÓN FÍSICA--INFORMACIÓN GENERAL
campo de control de longitud fija t|
008 - DATOS DE LONGITUD FIJA--INFORMACIÓN GENERAL
campo de control de longitud fija 020513s2001 sp ||||1| spa d
020 ## - NÚMERO INTERNACIONAL ESTÁNDAR DEL LIBRO
Número Internacional Estándar del Libro 84-95322-97-8
080 ## - NÚMERO DE LA CLASIFICACIÓN DECIMAL UNIVERSAL
Número de la Clasificación Decimal Universal 316.72(063)
080 ## - NÚMERO DE LA CLASIFICACIÓN DECIMAL UNIVERSAL
Número de la Clasificación Decimal Universal 81:1(063)
080 ## - NÚMERO DE LA CLASIFICACIÓN DECIMAL UNIVERSAL
Número de la Clasificación Decimal Universal 1:81(063)
111 2# - ENTRADA PRINCIPAL--NOMBRE DE CONGRESO/REUNIÓN
Nombre de congreso/reunión o jurisdicción como elemento de entrada Simposio Internacional de Filosofía (
Fecha del congreso o de la firma del tratado 1998.
Sede del congreso/Lugar de la reunión La Coruña y Santiago de Compostela)
9 (RLIN) 1073
245 10 - MENCIÓN DEL TÍTULO
Título Identidad y cultura
Resto del título : reflexiones desde la filosofía /
Mención de responsabilidad, etc. [coordinadores], Marcelino Agís Villaverde, Jesús Ríos Vicente.
260 ## - PUBLICACIÓN, DISTRIBUCIÓN, ETC.
Lugar de publicación, distribución, etc. [A Coruña] :
Nombre del editor, distribuidor, etc. Universidade da Coruña, Servicio de Publicacións,
Fecha de publicación, distribución, etc. 2001.
300 ## - DESCRIPCIÓN FÍSICA
Extensión 348 p. ;
Dimensiones 22 cm.
490 1# - MENCIÓN DE SERIE
Mención de serie Cursos, congresos e simposios ;
Designación de volumen o secuencia 68
500 ## - NOTA GENERAL
Nota general Textos en gallego y castellano.
650 14 - PUNTO DE ACCESO ADICIONAL DE MATERIA--TÉRMINO DE MATERIA
Término de materia o nombre geográfico como elemento de entrada Identidad cultural-
Subdivisión de forma Congresos y asambleas.
9 (RLIN) 13534
650 #4 - PUNTO DE ACCESO ADICIONAL DE MATERIA--TÉRMINO DE MATERIA
Término de materia o nombre geográfico como elemento de entrada Lenguaje-
Subdivisión general Filosofía-
Subdivisión de forma Congresos y asambleas.
9 (RLIN) 14345
700 1# - ENTRADA AGREGADA--NOMBRE PERSONAL
Nombre de persona Agís Villaverde, Marcelino.
9 (RLIN) 18561
700 1# - ENTRADA AGREGADA--NOMBRE PERSONAL
Nombre de persona Ríos Vicente, Jesús.
9 (RLIN) 97403
830 0# - PUNTO DE ACCESO ADICIONAL DE SERIE-TÍTULO UNIFORME
Título uniforme Cursos, congresos e simposios ;
Designación de volumen o secuencia 68
9 (RLIN) 228852
852 ## - LOCALIZACIÓN
Ubicación ES-MaACL
Número de control de estantería L-25499
Sublocalización o colección R.131366
Holdings
Estatus retirado Estado de pérdida Estado de daño No para préstamo Biblioteca de origen Biblioteca actual Ubicación en estantería Fecha de adquisición Fuente de adquisición Total de préstamos Signatura topográfica completa Código de barras Visto por última vez Precio de reemplazo Tipo de ítem Koha
        Biblioteca del Ateneo de Madrid Biblioteca del Ateneo de Madrid Depósito 2 17/01/2008     L-25499 1019454 23/02/2023 23/02/2023 Libro impreso